|
|
|
|
| LEADER |
01503njm a2200361 a 4500 |
| 001 |
000415472 |
| 003 |
CZ BrMZK |
| 005 |
20040701084745.0 |
| 008 |
010907s1999 xr f eng d |
| 028 |
0 |
3 |
|a L1 0447-2 131
|b Gramofonové závody
|
| 040 |
|
|
|a BOA001
|b cze
|
| 041 |
0 |
|
|a eng
|a ger
|
| 080 |
|
|
|a 785.1.083.14"17"(086.7)
|2 MRF
|
| 080 |
|
|
|a 78.082.1"17"(086.7)
|2 MRF
|
| 100 |
1 |
|
|a Mozart, Wolfgang Amadeus,
|d 1756-1791
|7 jn19990005867
|4 cmp
|
| 245 |
1 |
0 |
|a Symphonie No. 25 in G minor K.V. 183 ;
|b Symphonie No. 41 in G major K.V. 551 Jupiter ; Serenada K.V. 525 Eine kleine Nachtmusik
|h [zvukový záznam] /
|c Wolfgang Amadeus Mozart.
|
| 260 |
|
|
|a Loděnice :
|b Gramofonové závody,
|c p1999
|
| 300 |
|
|
|a 1 CD :
|b DDD ;
|c 12 cm +
|e 1 brožura [20 s.].
|
| 306 |
|
|
|a 010638
|
| 500 |
|
|
|a Nahr. 1999
|
| 500 |
|
|
|a Durata 66:38
|
| 500 |
|
|
|a Text v brož. vícejaz.
|
| 511 |
0 |
|
|a Česká komorní filharmonie, dir. Petr Vronský.
|
| 653 |
0 |
|
|a komorní orchestr
|a komorní serenády
|a symfonie
|a vídeňský klasicismus
|
| 700 |
1 |
|
|a Vronský, Petr,
|d 1946-
|7 jn19990010029
|4 cnd
|
| 710 |
2 |
|
|a Česká komorní filharmonie
|7 ko2004226786
|
| 740 |
0 |
2 |
|a Symphonie No. 41 in G major K.V. 551 Jupiter
|
| 740 |
0 |
2 |
|a Serenada K.V. 525 Eine kleine Nachtmusik
|
| 910 |
|
|
|a BOA001
|b CD-0008.358
|
| 964 |
|
|
|a Symfonie
|z stol.18.
|x CD
|
| 964 |
|
|
|a Orchestr komorní
|x serenády
|z stol.18.
|x CD
|
| 990 |
|
|
|a AV
|
| 996 |
6 |
|
|b 261H009003
|c CD-0008.358
|l MZK
|r Sklad / do 24 hodin
|n 0
|p p.v.
|w 000415472
|u 000010
|a 1
|e BOA001
|j MZK50
|s P
|